Catàleg del Col·legi de Periodistes de Catalunya

Memòria 2010 (Registre núm. 5221)

000 -CABECERA
Longitud fija campo de control 00370nam a2200145 a 4500
001 - NÚMERO DE CONTROL
Número de control 5221
003 - IDENTIFICADOR DEL NÚMERO DE CONTROL
Identificador del número de control CDMR
005 - FECHA Y HORA DE LA ÚLTIMA TRANSACCIÓN
Fecha y hora de la última transacción 20130320111203.0
008 - CÓDIGOS DE INFORMACIÓN DE LONGITUD FIJA
Códigos de información de longitud fija 130130s2011||||||||||||||||||||||||||||d
040 ## - FUENTE DE LA CATALOGACIÓN
Centro catalogador de origen CDMR
Lengua de catalogación cat
Centro transcriptor CPC GIRONA
110 1# - PUNTO DE ACCESO PRINCIPAL-NOMBRE DE ENTIDAD CORPORATIVA
9 (RLIN) 2850
Nombre de entidad corporativa o nombre de jurisdicción como elemento inicial Girona
Unidad subordinada -- Patronat Provincial de Turisme
245 #0 - MENCIÓN DE TÍTULO
Título Memòria 2010
260 ## - PUBLICACIÓN, DISTRIBUCIÓN, ETC. (PIE DE IMPRENTA)
Fecha de publicación, distribución, etc. 2011
Nombre del editor, distribuidor, etc. Diputació de Girona
942 ## - ENTRADA DE ELEMENTOS AGREGADOS (KOHA)
Koha [por defecto] tipo de item Monografies
Fuente de clasificaión o esquema
Fons
Suprimido Perdido Estropeado No para préstamo Localización permanente Localización actual Fecha adquisición Préstamos totales Signatura completa Código de barras Fecha última consulta Fecha del precio de reemplazo Tipo de item de Koha
        CPC Girona CPC Girona 2013-01-16   Ae 1122 GIRONA1412301441 2013-01-16 2013-01-16 Monografies

Implantat amb Koha